000 00432nam a2200157 4500
001 144329
003 ES-MaACL
005 20230906201008.0
007 t|
008 070214s1912 it r ||||1| ita d
100 1 _aSighele, Scipio.
_9106306
245 1 0 _aUltime pagine nazionaliste /
_cScipio Sighele.
260 _aMilano :
_b[s.n.],
_c1912 (
_fFratelli Treves)
300 _aXVI, 257 p. ;
_c19 cm.
852 _aES-MaACL
_jF-6758
999 _c144329
_d144329